[Event "Tenerife-chT Primera 1516"]
[Site "Tenerife"]
[Date "2016.03.05"]
[Round "9.4"]
[White "Gonzalez Abreu, Pablo"]
[Black "Gonzalez Moreno, Juan Carlos"]
[Result "1/2-1/2"]
[WhiteElo "1615"]
[BlackElo "1685"]
[PlyCount "119"]
[EventDate "2015.12.12"]
[EventType "team-tourn"]
[EventRounds "14"]
[EventCountry "ESP"]
[SourceTitle "EXT 2017"]
[Source "ChessBase"]
[SourceDate "2016.10.25"]
[SourceVersion "1"]
[SourceVersionDate "2016.10.25"]
[SourceQuality "1"]
[WhiteTeam "Los Realejos Shah Mat"]
[BlackTeam "Universidad II"]
[WhiteTeamCountry "ESP"]
[BlackTeamCountry "ESP"]

1. e4 d5 2. exd5 Nf6 3. Nf3 Nxd5 4. d4 Nc6 5. Be2 Bg4 6. 0-0 e6 7. a3 Bd6 8. c4 Nf4 9. Be3 Qf6 10. Nc3 Nxe2+ 11. Qxe2 Qg6 12. Rfe1 a6 13. Rad1 Qh5 14. h3 Bxf3 15. Qxf3 Qxf3 16. gxf3 0-0-0 17. b4 Be7 18. Ne2 Bf6 19. f4 Ne7 20. Ng3 g6 21. Rd3 Rd7 22. Red1 h6 23. Ne4 Bg7 24. Nc5 Rdd8 25. d5 exd5 26. cxd5 Nf5 27. Ne4 Rhe8 28. Ng3 Nh4 29. d6 cxd6 30. Rxd6 Rxd6 31. Rxd6 g5 32. Rd1 Bb2 33. a4 Re6 34. fxg5 hxg5 35. Kf1 f6 36. a5 Kc7 37. Rb1 Be5 38. Bb6+ Kc6 39. Rd1 Bd6 40. Ne2 Nf5 41. Nd4+ Nxd4 42. Rxd4 Kb5 43. h4 gxh4 44. Rxh4 Bxb4 45. Rh5+ Ka4 46. Rh7 Bxa5 47. Bxa5 Kxa5 48. Rxb7 Ka4 49. f3 a5 50. Kf2 Ka3 51. f4 a4 52. Kf3 f5 53. Rb5 Rf6 54. Ke3 Ka2 55. Kd4 a3 56. Ke5 Rf8 57. Ke6 Re8+ 58. Kxf5 Re3 59. Kg6 Rb3 60. Ra5 1/2-1/2